000 00686nas a2200217 4500
001 BR9000374
003 BR-BrBNA
005 20231205091802.0
007 ta
008 230509b bl.|||p| |||| 00| 00por d
040 _aBR-BrBNA
_bpor
_cBiblioteca Nacional de Agricultura
041 _a(Pt)
072 _aF62
100 1 _aButignol, C.A.
245 1 _aAlteracoes nos componentes do rendimento e germinacao do girassol por atraso na polinizacao entomofila
650 _aGIRASSOL
650 _aGERMINACAO
773 0 _tAgronomia Sulriograndense (Brazil)
_xISSN 0400-8111
_g(1987), v. 23(2) p. 185-191
_wBR9000374
909 _a202311
_bLúcia
_c55
_dLúcia Elande
942 _2AGRIS
_n0
_cANA
999 _c127325
_d127325